[Event "Malta-Open2012"]
[Site "Bugibba"]
[Date "2012.11.21"]
[Round "5.7"]
[White "Gauci, Joseph"]
[Black "Poetsch, Hagen"]
[Result "0-1"]
[WhiteElo "2128"]
[BlackElo "2466"]
[Annotator "chessorg"]
[PlyCount "58"]
[EventDate "2012.??.??"]
[WhiteTeam "Malta Chess Federation"]
[BlackTeam "Wiesbadener SV 1885"]

1. d4 Nf6 2. Nf3 c5 3. d5 b5 4. a4 b4 5. c4 g6 6. b3 Bg7 7. Bb2 d6 8. Nbd2 O-O
9. e4 e6 10. Be2 Re8 11. dxe6 Bxe6 12. O-O Nc6 13. Qc2 Nh5 14. Bxg7 Kxg7 15.
Qb2+ Kg8 16. Rad1 Nf4 17. Rfe1 Bg4 18. g3 Nxe2+ 19. Rxe2 f5 20. Rde1 fxe4 21.
Rxe4 Rxe4 22. Rxe4 Qd7 23. Re3 Rf8 24. Qc2 Qf7 25. Qd3 Ne5 26. Nxe5 Qxf2+ 27.
Kh1 Bh3 28. Qd5+ Kh8 29. Ng4 Qf1+ 0-1

[Event "Malta-Open2012"]
[Site "Bugibba"]
[Date "2012.11.21"]
[Round "5.8"]
[White "Akesson, Ralf"]
[Black "Wallace, Paul"]
[Result "1-0"]
[WhiteElo "2440"]
[BlackElo "2201"]
[Annotator "chessorg"]
[PlyCount "87"]
[EventDate "2012.??.??"]
[WhiteTeam "Vasteras SK"]

1. d4 Nf6 2. c4 g6 3. Nc3 Bg7 4. e4 d6 5. h3 O-O 6. Bg5 a6 7. Nf3 c5 8. d5 b5
9. Bd3 Nbd7 10. b3 Ng4 11. Rc1 Nge5 12. Nxe5 Nxe5 13. Be2 h6 14. Be3 f5 15. f4
Nd7 16. exf5 gxf5 17. Bf3 Nf6 18. O-O Rb8 19. Qd3 Qe8 20. Rc2 b4 21. Nd1 Qf7
22. Bf2 Ne4 23. Be1 e6 24. dxe6 Bxe6 25. Ne3 Nc3 26. Kh2 Rbd8 27. Bxc3 Bxc3 28.
Bd5 Bxd5 29. Nxd5 Bg7 30. Re2 Rfe8 31. Rfe1 Rxe2 32. Rxe2 Bf8 33. Qg3+ Kh7 34.
Qe1 Rd7 35. Re6 Bg7 36. Qe2 Be5 37. fxe5 Qxe6 38. Nf6+ Kg7 39. Nxd7 Qxd7 40.
Qd3 Kf7 41. exd6 Ke8 42. Qe3+ Kf7 43. Qxh6 Qc6 44. Qh7+ 1-0

[Event "Malta-Open2012"]
[Site "Bugibba"]
[Date "2012.11.21"]
[Round "5.9"]
[White "Raetsky, Alexander"]
[Black "Pace, Colin"]
[Result "1-0"]
[WhiteElo "2431"]
[BlackElo "2153"]
[Annotator "chessorg"]
[PlyCount "79"]
[EventDate "2012.??.??"]

1. e4 c5 2. Nf3 g6 3. d4 cxd4 4. Nxd4 Nc6 5. Nc3 Bg7 6. Nde2 Nf6 7. g3 b5 8.
Bg2 Rb8 9. O-O O-O 10. h3 d6 11. a3 a6 12. Be3 b4 13. axb4 Rxb4 14. Ra2 Nd7 15.
Qc1 Nb6 16. b3 Nd7 17. Rd1 Re8 18. Nd5 Rb8 19. Bg5 Nf8 20. Qd2 Ne6 21. Be3 a5
22. f4 Nb4 23. Nxb4 Rxb4 24. f5 Nf8 25. Nd4 Qc7 26. g4 Bd7 27. Rda1 Ra8 28. e5
Ra6 29. c3 Rb8 30. exd6 exd6 31. Bd5 Re8 32. Rf1 gxf5 33. Nxf5 Bxf5 34. Rxf5
Ne6 35. c4 Qb8 36. Qd3 Re7 37. Raf2 f6 38. Rxf6 Bxf6 39. Rxf6 Qe8 40. Qf5 1-0

[Event "Malta-Open2012"]
[Site "Bugibba"]
[Date "2012.11.21"]
[Round "5.10"]
[White "Baierlein, Martin"]
[Black "L Ami, Alina"]
[Result "0-1"]
[WhiteElo "2053"]
[BlackElo "2381"]
[Annotator "chessorg"]
[PlyCount "62"]
[EventDate "2012.??.??"]
[WhiteTeam "SK Friedberg"]
[BlackTeam "Politehnica Iasi/En Passant"]

1. c4 Nf6 2. Nc3 g6 3. g3 Bg7 4. Bg2 O-O 5. e4 d6 6. d3 c5 7. Nge2 Nc6 8. O-O
a6 9. Rb1 Rb8 10. h3 b5 11. f4 Ne8 12. f5 Nd4 13. Nxd4 Bxd4+ 14. Kh1 bxc4 15.
Bh6 Bg7 16. Bxg7 Nxg7 17. dxc4 gxf5 18. Qd2 fxe4 19. Bxe4 f5 20. Bg2 Kh8 21.
Rf4 e5 22. Rh4 f4 23. Be4 Nf5 24. Bxf5 Bxf5 25. Rd1 fxg3 26. Rh6 Rf6 27. b3 Bg6
28. Kg1 Qf8 29. h4 Rf2 30. Qe3 Rf3 31. Qd2 Rd3 0-1

[Event "Malta-Open2012"]
[Site "Bugibba"]
[Date "2012.11.21"]
[Round "5.11"]
[White "Chierci, Marianna"]
[Black "Velten, Paul"]
[Result "0-1"]
[WhiteElo "2066"]
[BlackElo "2328"]
[Annotator "chessorg"]
[PlyCount "60"]
[EventDate "2012.??.??"]
[WhiteTeam "IPPOGRIFO-REGGIO E"]

1. d4 Nf6 2. Nc3 d5 3. Bg5 Bf5 4. f3 Nbd7 5. Qd2 h6 6. Bh4 c6 7. e3 e5 8. dxe5
Nxe5 9. O-O-O Be7 10. Bg3 Ned7 11. Nge2 Nc5 12. Qd4 O-O 13. Nf4 Rc8 14. Bf2 Bh7
15. g4 b5 16. h4 b4 17. Nce2 Qa5 18. g5 Nfd7 19. Nh5 Ne6 20. Qg4 Qxa2 21. Nd4
Ne5 22. Qg3 Nxd4 23. Rxd4 Bd6 24. f4 Qa1+ 25. Kd2 Qxb2 26. e4 Bxe4 27. Rxe4
dxe4 28. fxe5 Bxe5 29. Qb3 Rcd8+ 30. Ke2 Qc1 0-1

[Event "Malta-Open2012"]
[Site "Bugibba"]
[Date "2012.11.21"]
[Round "5.12"]
[White "Vaarala, Eric"]
[Black "Reinkemeier, Tobias"]
[Result "1-0"]
[WhiteElo "2234"]
[BlackElo "2160"]
[Annotator "chessorg"]
[PlyCount "73"]
[EventDate "2012.??.??"]
[WhiteTeam "Sollentuna SK"]

1. c4 Nf6 2. g3 c5 3. Bg2 e6 4. Nf3 d6 5. O-O Qc7 6. Nc3 a6 7. b3 b6 8. Bb2 Bb7
9. Re1 Nbd7 10. Rc1 Be7 11. e3 Ne5 12. d4 Nxf3+ 13. Bxf3 h5 14. e4 O-O-O 15. b4
h4 16. bxc5 dxc5 17. d5 Bd6 18. Kg2 Nd7 19. Qb3 Rh6 20. Na4 e5 21. Rb1 Rdh8 22.
Bc1 g5 23. Bg4 b5 24. cxb5 c4 25. Qe3 hxg3 26. Nb6+ Kd8 27. Nxd7 Rxh2+ 28. Kxg3
Bc8 29. b6 Qb7 30. Ba3 Bxa3 31. Qxa3 Bxd7 32. Qd6 R2h6 33. Qxd7+ Qxd7 34. Bxd7
Kxd7 35. b7 Rb8 36. Rec1 Rhh8 37. Rxc4 1-0

[Event "Malta-Open2012"]
[Site "Bugibba"]
[Date "2012.11.21"]
[Round "5.57"]
[White "Petersson, Baldur Teodor"]
[Black "Sacco, Sam"]
[Result "1-0"]
[WhiteElo "1536"]
[BlackElo "1827"]
[Annotator "chessorg"]
[PlyCount "89"]
[EventDate "2012.??.??"]
[WhiteTeam "Taby SK"]

1. e4 c6 2. d4 d5 3. Nc3 dxe4 4. Nxe4 Bf5 5. Ng3 Bg6 6. Nf3 Nd7 7. h4 h6 8. h5
Bh7 9. Bd2 e6 10. Bc3 Bd6 11. d5 Ndf6 12. dxe6 fxe6 13. Qe2 Qe7 14. O-O-O O-O-O
15. Be5 Qc7 16. Bxf6 Bf4+ 17. Nd2 Nxf6 18. Kb1 e5 19. Qe1 Rd5 20. Bc4 Rc5 21.
Qe2 Bg8 22. Bxg8 Rxg8 23. Nde4 Rd5 24. Nf5 Rgd8 25. Rxd5 cxd5 26. Nxf6 gxf6 27.
Qg4 Kb8 28. Rd1 e4 29. Qg6 Be5 30. Qxh6 Qb6 31. b3 Qxf2 32. g4 Rc8 33. Qd2 Qc5
34. h6 Bc3 35. Qf4+ Be5 36. Qd2 Bc3 37. Qxd5 Qb6 38. Qxe4 a6 39. Qd5 Ka7 40.
Qd3 Qa5 41. Qe3+ Rc5 42. Rd5 b6 43. Qe7+ Kb8 44. Rd8+ Rc8 45. Rxc8+ 1-0

[Event "Malta-Open2012"]
[Site "Bugibba"]
[Date "2012.11.22"]
[Round "6.2"]
[White "Bellia, Fabrizio"]
[Black "Szczepkowska-Horo., Karina"]
[Result "1/2-1/2"]
[WhiteElo "2445"]
[BlackElo "2378"]
[Annotator "chessorg"]
[PlyCount "29"]
[EventDate "2012.??.??"]
[WhiteTeam "Famiglia Legnanese"]

1. d4 d5 2. c4 e6 3. Nf3 Nf6 4. e3 c5 5. a3 a6 6. dxc5 Bxc5 7. b4 Be7 8. Bb2
dxc4 9. Qxd8+ Bxd8 10. Bxc4 b5 11. Bd3 Bb7 12. Nbd2 Nbd7 13. O-O O-O 14. Rac1
Bb6 15. Bd4 1/2-1/2

[Event "Malta-Open2012"]
[Site "Bugibba"]
[Date "2012.11.22"]
[Round "6.5"]
[White "Valles, Manuel"]
[Black "Mirzoev, Azer"]
[Result "0-1"]
[WhiteElo "2294"]
[BlackElo "2555"]
[Annotator "chessorg"]
[PlyCount "52"]
[EventDate "2012.??.??"]

1. d4 d5 2. c4 c6 3. Nc3 Nf6 4. Nf3 dxc4 5. a4 Bf5 6. Ne5 Nbd7 7. Nxc4 Nb6 8.
Ne5 a5 9. g3 e6 10. Bg2 h6 11. O-O Bh7 12. e4 Bb4 13. f3 O-O 14. Be3 Nfd7 15.
Nxd7 Nxd7 16. Qb3 e5 17. dxe5 Nxe5 18. h3 Qd3 19. Bc1 Rad8 20. g4 Nd7 21. Qa2
Nc5 22. Rd1 Qc2 23. Be3 Nb3 24. Rdc1 Nxc1 25. Rxc1 Qd3 26. Bb6 Rd6 0-1

[Event "Malta-Open2012"]
[Site "Bugibba"]
[Date "2012.11.22"]
[Round "6.7"]
[White "Velten, Paul"]
[Black "Ahlander, Björn"]
[Result "0-1"]
[WhiteElo "2328"]
[BlackElo "2422"]
[Annotator "chessorg"]
[PlyCount "58"]
[EventDate "2012.??.??"]
[BlackTeam "Limhamns SK"]

1. d4 Nf6 2. Nf3 d5 3. g3 Bf5 4. Bg2 c6 5. O-O Nbd7 6. c4 e6 7. cxd5 exd5 8.
Nh4 Be6 9. f4 Nb6 10. f5 Bd7 11. Nc3 Be7 12. Qd3 O-O 13. a4 a5 14. Nf3 Re8 15.
Ne5 c5 16. Be3 c4 17. Qc2 Bc6 18. g4 Bd6 19. g5 Bxe5 20. dxe5 Ng4 21. Bd4 Qxg5
22. Rf3 Nd7 23. Rg3 h5 24. e4 Ndxe5 25. exd5 Bd7 26. Rf1 h4 27. Rh3 Nd3 28. Nb1
Nf4 29. Kh1 Re2 0-1

[Event "Malta-Open2012"]
[Site "Bugibba"]
[Date "2012.11.22"]
[Round "6.8"]
[White "Collutiis, Duilio"]
[Black "De Verdier, Michael"]
[Result "1/2-1/2"]
[WhiteElo "2486"]
[BlackElo "2375"]
[Annotator "chessorg"]
[PlyCount "70"]
[EventDate "2012.??.??"]
[WhiteTeam "Obiettivo risarcimento padova"]
[BlackTeam "EksjÃ¶ SK"]

1. g3 e5 2. c4 Nf6 3. Bg2 c6 4. d4 Bb4+ 5. Bd2 Bxd2+ 6. Qxd2 d6 7. Nc3 O-O 8.
e3 Be6 9. Rd1 Na6 10. b3 exd4 11. Qxd4 Nb4 12. Rd2 Qa5 13. Nge2 d5 14. cxd5
Nbxd5 15. O-O Nxc3 16. Qxc3 Qxc3 17. Nxc3 Rfd8 18. Rfd1 Rxd2 19. Rxd2 Kf8 20.
e4 Ke7 21. f4 Rd8 22. Rxd8 Kxd8 23. e5 Nd7 24. Ne4 f6 25. exf6 gxf6 26. Kf2 Ke7
27. Ke3 a5 28. Kd4 b6 29. Nc3 Kd6 30. Bf3 f5 31. h3 b5 32. Nd1 c5+ 33. Kc3 b4+
34. Kd3 c4+ 35. bxc4 Nb6 1/2-1/2

[Event "Malta-Open2012"]
[Site "Bugibba"]
[Date "2012.11.22"]
[Round "6.12"]
[White "Quillan, Gary"]
[Black "Schunk, Thomas"]
[Result "1/2-1/2"]
[WhiteElo "2409"]
[BlackElo "2245"]
[Annotator "chessorg"]
[PlyCount "36"]
[EventDate "2012.??.??"]
[BlackTeam "SG Leipzig"]

1. e4 e5 2. Nf3 d6 3. d4 Nf6 4. Nc3 Nbd7 5. Bc4 Be7 6. O-O O-O 7. Re1 c6 8. a4
b6 9. h3 a6 10. b3 Rb8 11. Bb2 b5 12. axb5 axb5 13. Bd3 Qc7 14. Qe2 Re8 15. Nd1
Bf8 16. dxe5 dxe5 17. c4 b4 18. Bc2 g6 1/2-1/2

[Event "Malta-Open2012"]
[Site "Bugibba"]
[Date "2012.11.23"]
[Round "7.2"]
[White "Mirzoev, Azer"]
[Black "Bellia, Fabrizio"]
[Result "1-0"]
[WhiteElo "2555"]
[BlackElo "2445"]
[Annotator "chessorg"]
[PlyCount "97"]
[EventDate "2012.??.??"]
[BlackTeam "Famiglia Legnanese"]

1. d4 Nf6 2. c4 e6 3. Nc3 Bb4 4. Qc2 O-O 5. a3 Bxc3+ 6. Qxc3 b6 7. Bg5 Bb7 8.
e3 d6 9. f3 Nbd7 10. Nh3 h6 11. Bh4 Qe7 12. Nf2 g5 13. Bg3 e5 14. dxe5 dxe5 15.
O-O-O Rfe8 16. h4 Nh5 17. Bh2 Ndf6 18. hxg5 hxg5 19. Be2 Ng7 20. g4 e4 21. f4
Ne6 22. fxg5 Nh7 23. Bxc7 Nexg5 24. Bd6 Qf6 25. Qxf6 Nxf6 26. Bf4 Nfh7 27. Rh5
f6 28. Rd7 Bc6 29. Rd6 Re6 30. Rd4 Rc8 31. b3 Kg7 32. Kb2 Nf3 33. Rd1 Nhg5 34.
Rhh1 Ne5 35. Bxg5 fxg5 36. Rh5 Nf7 37. Nh1 Rh8 38. Ng3 Rxh5 39. Nxh5+ Kg6 40.
Kc3 a5 41. b4 axb4+ 42. axb4 Ne5 43. Rd8 Kf7 44. b5 Be8 45. Rd5 Kg6 46. c5 bxc5
47. Rxc5 Bd7 48. Ng3 Nf3 49. Nxe4 1-0

[Event "Malta-Open2012"]
[Site "Bugibba"]
[Date "2012.11.23"]
[Round "7.4"]
[White "L Ami, Alina"]
[Black "Williams, Simon"]
[Result "1-0"]
[WhiteElo "2381"]
[BlackElo "2511"]
[Annotator "chessorg"]
[PlyCount "60"]
[EventDate "2012.??.??"]
[WhiteTeam "Politehnica Iasi/En Passant"]

1. d4 e6 2. c4 b6 3. a3 g6 4. Nc3 Bg7 5. e4 Ne7 6. Nf3 d6 7. Be3 Nd7 8. Bd3 Bb7
9. Qd2 h6 10. d5 c5 11. Nb5 Ne5 12. Nxe5 dxe5 13. d6 Nc6 14. Nc7+ Kf8 15. Nxa8
Bxa8 16. b4 Qxd6 17. bxc5 bxc5 18. Rb1 Ke7 19. Rb5 Nd4 20. Bxd4 Qxd4 21. Qe3
Rd8 22. Ke2 f5 23. f3 Kd6 24. Rd1 Kc6 25. Rdb1 Rd7 26. Ra5 Bb7 27. Rxa7 Bf8 28.
Qxd4 exd4 29. a4 Bd6 30. a5 Bb8 1-0

[Event "Malta-Open2012"]
[Site "Bugibba"]
[Date "2012.11.23"]
[Round "7.9"]
[White "Schou-Moldt, Thomas"]
[Black "Quillan, Gary"]
[Result "1/2-1/2"]
[WhiteElo "2239"]
[BlackElo "2409"]
[Annotator "chessorg"]
[PlyCount "45"]
[EventDate "2012.??.??"]

1. e4 e6 2. d4 d5 3. Nd2 Nf6 4. e5 Nfd7 5. Bd3 c5 6. c3 Nc6 7. Ne2 cxd4 8. cxd4
f6 9. exf6 Nxf6 10. Nf3 Bd6 11. O-O Qc7 12. Bg5 O-O 13. Bh4 Nh5 14. Qc2 h6 15.
Bh7+ Kh8 16. Bg6 Rxf3 17. Bxh5 Rf8 18. Bg3 Bd7 19. Rac1 Rac8 20. Qb3 Bxg3 21.
hxg3 Qb6 22. Qxb6 axb6 23. Rc3 1/2-1/2

[Event "Malta-Open2012"]
[Site "Bugibba"]
[Date "2012.11.23"]
[Round "7.12"]
[White "Schunk, Thomas"]
[Black "Joie, Sébastien"]
[Result "0-1"]
[WhiteElo "2245"]
[BlackElo "2307"]
[Annotator "chessorg"]
[PlyCount "100"]
[EventDate "2012.??.??"]
[WhiteTeam "SG Leipzig"]

1. c4 c5 2. Nf3 g6 3. Nc3 Bg7 4. d4 cxd4 5. Nxd4 Nc6 6. Nc2 Bxc3+ 7. bxc3 d6 8.
e4 Qa5 9. Qd2 Nf6 10. f3 O-O 11. Ne3 Be6 12. Rb1 b6 13. Nd5 Nd7 14. h4 Bxd5 15.
cxd5 Nce5 16. Rb5 Qa4 17. Rb4 Qa5 18. Be2 f5 19. h5 f4 20. g3 g5 21. gxf4 gxf4
22. Bb2 Rf6 23. a3 Nc5 24. Kd1 Kf7 25. Qc2 Rg8 26. c4 Rg2 27. Bxe5 dxe5 28. Qc3
Na6 29. Rb3 Qxc3 30. Rxc3 Nc5 31. Ke1 Rh6 32. a4 a5 33. Ra3 Rg5 34. Kf2 Rhxh5
35. Rxh5 Rxh5 36. Bf1 Ke8 37. Ra1 Kd7 38. Rb1 Kc7 39. Ra1 Kd6 40. Rb1 Kc7 41.
Ra1 Rh6 42. Kg2 Kd6 43. Rb1 Nxa4 44. c5+ Kxc5 45. Rc1+ Kb4 46. Rc7 Nc5 47. Rxe7
a4 48. Rxe5 a3 49. Re7 a2 50. Ra7 Na4 0-1

[Event "Malta-Open2012"]
[Site "Bugibba"]
[Date "2012.11.23"]
[Round "8.1"]
[White "Hasangatin, Ramil"]
[Black "Mirzoev, Azer"]
[Result "1/2-1/2"]
[WhiteElo "2485"]
[BlackElo "2555"]
[Annotator "chessorg"]
[PlyCount "29"]
[EventDate "2012.??.??"]

1. e4 Nf6 2. e5 Nd5 3. d4 d6 4. c4 Nb6 5. exd6 exd6 6. Nc3 Be7 7. Bd3 Nc6 8.
Nge2 Bg4 9. f3 Bh5 10. O-O Nb4 11. Nf4 Bg6 12. Be4 c6 13. Qb3 Na6 14. Be3 O-O
15. Nxg6 1/2-1/2

[Event "Malta-Open2012"]
[Site "Bugibba"]
[Date "2012.11.23"]
[Round "8.2"]
[White "Heberla, Bartlomiej"]
[Black "Ahlander, Björn"]
[Result "1-0"]
[WhiteElo "2536"]
[BlackElo "2422"]
[Annotator "chessorg"]
[PlyCount "101"]
[EventDate "2012.??.??"]
[WhiteTeam "Baszta Znin"]
[BlackTeam "Limhamns SK"]

1. e4 c5 2. c3 d6 3. d4 Nf6 4. Bd3 g6 5. dxc5 dxc5 6. e5 Ng4 7. Qe2 Nc6 8. f4
Bg7 9. Nf3 O-O 10. h3 Nh6 11. Be3 b6 12. Nbd2 f6 13. O-O-O Qc7 14. Bc4+ Kh8 15.
g4 Nf7 16. e6 Nd6 17. Bd5 Bb7 18. Qh2 Na5 19. Bxb7 Qxb7 20. h4 Nac4 21. Qe2 Qd5
22. Nxc4 Qxc4 23. Qxc4 Nxc4 24. Bf2 Rad8 25. Kc2 h5 26. gxh5 gxh5 27. b3 Rxd1
28. Rxd1 Nd6 29. Rd5 f5 30. c4 Bh6 31. Ng5 Kg7 32. Kd3 Kg6 33. a3 Rc8 34. Be1
Rc6 35. Bc3 Bxg5 36. fxg5 Ne4 37. Be5 Rxe6 38. b4 a6 39. b5 axb5 40. cxb5 Nd6
41. a4 Nb7 42. Bc7 Re4 43. Re5 Rxa4 44. Rxe7 Rxh4 45. Be5 Kxg5 46. Rg7+ Kh6 47.
Rxb7 Rb4 48. Rxb6+ Kg5 49. Bc3 Rb1 50. Kc2 Rg1 51. Re6 1-0

[Event "Malta-Open2012"]
[Site "Bugibba"]
[Date "2012.11.23"]
[Round "8.3"]
[White "Petrov, Marian"]
[Black "L Ami, Alina"]
[Result "1-0"]
[WhiteElo "2512"]
[BlackElo "2381"]
[Annotator "chessorg"]
[PlyCount "123"]
[EventDate "2012.??.??"]
[BlackTeam "Politehnica Iasi/En Passant"]

1. e4 c5 2. Nf3 d6 3. c3 Nf6 4. h3 Nc6 5. Bd3 g6 6. O-O Bg7 7. Bc2 O-O 8. d4
cxd4 9. cxd4 e5 10. Re1 Nxd4 11. Nxd4 exd4 12. Qxd4 Re8 13. Qd1 d5 14. e5 Ne4
15. Bxe4 dxe4 16. Qxd8 Rxd8 17. Bf4 e3 18. f3 Rd4 19. Bxe3 Bxe5 20. Bf2 Bf6 21.
Re8+ Kg7 22. Nc3 Rd8 23. Rxd8 Bxd8 24. Rd1 Be6 25. Bxa7 b6 26. a4 Kf8 27. Nb5
Bb3 28. Rd4 Be7 29. Bxb6 Bxa4 30. Nc7 Rb8 31. Ba7 Rc8 32. Rxa4 Rxc7 33. Bd4 Bc5
34. Bxc5+ Rxc5 35. Ra1 Rb5 36. Rb1 Rb3 37. Kf2 Kg7 38. Ke2 Kf6 39. Kd2 Kf5 40.
Kc2 Rb7 41. b4 Kf4 42. Kc3 Ke5 43. b5 Kd6 44. Kd4 Rd7 45. Ra1 h5 46. h4 Kc7+
47. Kc5 Rd2 48. Ra7+ Kc8 49. Rxf7 Rxg2 50. Kb6 g5 51. hxg5 Rxg5 52. f4 Rg6+ 53.
Ka7 Rg1 54. Rh7 Rf1 55. Rh8+ Kd7 56. b6 Ra1+ 57. Kb8 Rf1 58. b7 Rxf4 59. Ka7
Ra4+ 60. Kb6 Rb4+ 61. Ka6 Kc7 62. Rc8+ 1-0

[Event "Malta-Open2012"]
[Site "Bugibba"]
[Date "2012.11.23"]
[Round "8.7"]
[White "Williams, Simon"]
[Black "Vaarala, Eric"]
[Result "1-0"]
[WhiteElo "2511"]
[BlackElo "2234"]
[Annotator "chessorg"]
[PlyCount "35"]
[EventDate "2012.??.??"]
[BlackTeam "Sollentuna SK"]

1. e4 c5 2. Nc3 e6 3. g3 Nc6 4. Bg2 d6 5. Nge2 g6 6. d4 Bg7 7. Be3 Qb6 8. dxc5
dxc5 9. O-O Nd4 10. b4 Nxe2+ 11. Nxe2 Qxb4 12. Rb1 Qc4 13. Qd6 Ne7 14. Rfd1 O-O
15. Qxe7 Qxe2 16. Rd8 e5 17. Qxf8+ Bxf8 18. Bh6 1-0

[Event "Malta-Open2012"]
[Site "Bugibba"]
[Date "2012.11.23"]
[Round "8.10"]
[White "Bellia, Fabrizio"]
[Black "Chetverik, Maxim"]
[Result "1-0"]
[WhiteElo "2445"]
[BlackElo "2249"]
[Annotator "chessorg"]
[PlyCount "103"]
[EventDate "2012.??.??"]
[WhiteTeam "Famiglia Legnanese"]
[BlackTeam "Voronezh"]

1. e4 Nf6 2. e5 Nd5 3. d4 d6 4. Nf3 g6 5. c4 Nb6 6. Nc3 Bg7 7. exd6 cxd6 8. Be3
O-O 9. Rc1 Bg4 10. Be2 Nc6 11. d5 Bxf3 12. Bxf3 Ne5 13. b3 Nxf3+ 14. Qxf3 Nd7
15. O-O a6 16. Qe2 Re8 17. Rfd1 Qa5 18. Bd4 Nf6 19. b4 Qc7 20. c5 Qd7 21. Qf3
Qg4 22. c6 Qxf3 23. gxf3 b5 24. a4 Reb8 25. axb5 axb5 26. Ra1 Rxa1 27. Rxa1 Ne8
28. Bxg7 Kxg7 29. Ra7 Kf6 30. Ne4+ Ke5 31. Rxe7+ Kxd5 32. c7 Rc8 33. Rxe8 Rxc7
34. Rb8 f5 35. Rxb5+ Kc6 36. Nc3 Ra7 37. Ra5 Rb7 38. Ra6+ Kd7 39. Nd5 Ke6 40.
Ra5 g5 41. f4 h6 42. Kf1 Rb8 43. Ke2 Rc8 44. Ne3 gxf4 45. Nxf5 Rc4 46. Rb5 d5
47. Nxh6 Ke5 48. Nf7+ Kd4 49. Ng5 Rc3 50. h3 Rc1 51. Rb8 Rh1 52. b5 1-0

[Event "Malta-Open2012"]
[Site "Bugibba"]
[Date "2012.11.23"]
[Round "8.11"]
[White "Pavlidis, Anastasios"]
[Black "Raetsky, Alexander"]
[Result "1/2-1/2"]
[WhiteElo "2331"]
[BlackElo "2431"]
[Annotator "chessorg"]
[PlyCount "115"]
[EventDate "2012.??.??"]

1. d4 d5 2. c4 dxc4 3. Nf3 a6 4. e3 Bg4 5. Bxc4 e6 6. h3 Bh5 7. Nc3 Nf6 8. g4
Bg6 9. Ne5 Nbd7 10. O-O Nxe5 11. dxe5 Nd7 12. f4 Qh4 13. Qf3 O-O-O 14. e4 Bc5+
15. Kg2 Rhe8 16. Be2 f6 17. exf6 gxf6 18. Bd2 Ne5 19. fxe5 Rxd2 20. exf6 Rf8
21. e5 Bd4 22. Rad1 Rxd1 23. Rxd1 c5 24. Bc4 Kb8 25. Ne2 Bxe5 26. Rd7 Bc7 27.
f7 Qg5 28. Bd3 Kc8 29. h4 Qxh4 30. Rxc7+ Kxc7 31. Nf4 Rxf7 32. Bxg6 hxg6 33.
Nxe6+ Kd6 34. Qxf7 Qxg4+ 35. Kf2 Qxe6 36. Qxb7 Qxa2 37. Qb8+ Kd7 38. Qb7+ Ke6
39. Qc6+ Kf7 40. Qc7+ Kg8 41. Qb8+ Kg7 42. Qe5+ Kf7 43. Qc7+ Ke6 44. Qc6+ Ke5
45. Qc7+ Ke4 46. Qc6+ Qd5 47. Qxg6+ Qf5+ 48. Qxf5+ Kxf5 49. Ke3 Ke5 50. Kd3 Kd5
51. Kc3 a5 52. b3 Kc6 53. Kc2 Kb6 54. Kb2 Kb5 55. Kc3 a4 56. bxa4+ Kxa4 57. Kc4
Ka3 58. Kxc5 1/2-1/2

[Event "Malta-Open2012"]
[Site "Bugibba"]
[Date "2012.11.23"]
[Round "8.21"]
[White "Velten, Paul"]
[Black "Majer, Ivan"]
[Result "1-0"]
[WhiteElo "2328"]
[BlackElo "2018"]
[Annotator "chessorg"]
[PlyCount "55"]
[EventDate "2012.??.??"]
[BlackTeam "Zanatliski Zagreb"]

1. d4 Nf6 2. Nf3 g6 3. e3 Bg7 4. Be2 O-O 5. O-O d6 6. c4 c5 7. Nc3 Nc6 8. d5
Na5 9. h3 e5 10. Qc2 Ne8 11. a3 b6 12. b4 Nb7 13. e4 h6 14. Rb1 f5 15. exf5
gxf5 16. Kh1 Kh8 17. Rg1 e4 18. Nh2 Bd4 19. Bxh6 Rf7 20. Nb5 Qf6 21. Bc1 Ng7
22. Nxd4 Qxd4 23. f4 Qf2 24. g3 cxb4 25. axb4 a5 26. Nf1 axb4 27. Be3 b3 28.
Qd1 1-0

[Event "Malta-Open2012"]
[Site "Bugibba"]
[Date "2012.11.24"]
[Round "9.2"]
[White "Mirzoev, Azer"]
[Black "Williams, Simon"]
[Result "0-1"]
[WhiteElo "2555"]
[BlackElo "2511"]
[Annotator "chessorg"]
[PlyCount "78"]
[EventDate "2012.??.??"]

1. d4 e6 2. Nf3 f5 3. g3 Nf6 4. Bg2 Be7 5. O-O O-O 6. b3 Ne4 7. c4 Bf6 8. Bb2
d6 9. Nc3 Nc6 10. e3 Nxc3 11. Bxc3 Qe7 12. b4 e5 13. b5 Nd8 14. Qb3 e4 15. Nd2
g5 16. Bb4 g4 17. c5+ Be6 18. cxd6 cxd6 19. Qa3 Nf7 20. Rfc1 a5 21. bxa6 Rxa6
22. Qb2 Bd5 23. a3 h5 24. Rc2 h4 25. Rac1 Rc6 26. Rxc6 bxc6 27. Nc4 Rb8 28. Qc2
Qe6 29. Na5 Kg7 30. Nc4 Be7 31. gxh4 Bxh4 32. h3 gxh3 33. Bh1 Be7 34. Nd2 h2+
35. Kxh2 Qg6 36. Bg2 Ng5 37. Kh1 Rh8+ 38. Kg1 Rh4 39. a4 Ne6 0-1

[Event "Malta-Open2012"]
[Site "Bugibba"]
[Date "2012.11.24"]
[Round "9.3"]
[White "Matamoros, Carlos"]
[Black "Hasangatin, Ramil"]
[Result "1/2-1/2"]
[WhiteElo "2525"]
[BlackElo "2485"]
[Annotator "chessorg"]
[PlyCount "74"]
[EventDate "2012.??.??"]

1. c4 e5 2. g3 Nf6 3. Bg2 h6 4. d3 Bc5 5. Nf3 Nc6 6. O-O d6 7. Nc3 a6 8. a3 O-O
9. b4 Ba7 10. Bb2 Bf5 11. Rc1 Qd7 12. e3 Be6 13. Re1 Rfe8 14. Nd2 d5 15. cxd5
Nxd5 16. Nce4 Nde7 17. Nf3 f6 18. d4 exd4 19. Nxd4 Nxd4 20. Bxd4 Bxd4 21. Qxd4
c6 22. Nc5 Qc8 23. Nxe6 Qxe6 24. Red1 Ng6 25. a4 Qe7 26. Qb6 Rad8 27. b5 axb5
28. axb5 Ne5 29. bxc6 bxc6 30. Bxc6 Nxc6 31. Qxc6 Qe4 32. Rxd8 Qxc6 33. Rxc6
Rxd8 34. Rc5 Kf7 35. Kg2 g5 36. h4 Kg6 37. hxg5 hxg5 1/2-1/2

[Event "Malta-Open2012"]
[Site "Bugibba"]
[Date "2012.11.24"]
[Round "9.4"]
[White "Ahlander, Björn"]
[Black "Quillan, Gary"]
[Result "1-0"]
[WhiteElo "2422"]
[BlackElo "2409"]
[Annotator "chessorg"]
[PlyCount "79"]
[EventDate "2012.??.??"]
[WhiteTeam "Limhamns SK"]

1. d4 e6 2. c4 Nf6 3. Nc3 c5 4. d5 exd5 5. cxd5 d6 6. e4 g6 7. f4 Bg7 8. Bb5+
Nfd7 9. Nf3 a6 10. Bd3 b5 11. O-O O-O 12. Kh1 Nb6 13. f5 gxf5 14. Bg5 f6 15.
Bf4 c4 16. Bc2 b4 17. Ne2 fxe4 18. Bxe4 Qe7 19. Bc2 N8d7 20. Ng3 Ne5 21. Nd4
Bg4 22. Qd2 c3 23. bxc3 bxc3 24. Qxc3 Rfc8 25. Qb3 Nbc4 26. Ngf5 Bxf5 27. Bxf5
Rc5 28. Rae1 Kh8 29. a4 Re8 30. Be4 Qf7 31. Ne6 Rec8 32. Bg5 Ng6 33. Nxg7 Kxg7
34. Bxf6+ Kg8 35. Qd3 Nce5 36. Qg3 Rf8 37. h4 Nd7 38. Bf5 Qxf6 39. Be6+ Kh8 40.
Rxf6 1-0

[Event "Malta-Open2012"]
[Site "Bugibba"]
[Date "2012.11.24"]
[Round "9.5"]
[White "Szczepkowska-Horo., Karina"]
[Black "Collutiis, Duilio"]
[Result "0-1"]
[WhiteElo "2378"]
[BlackElo "2486"]
[Annotator "chessorg"]
[PlyCount "82"]
[EventDate "2012.??.??"]
[BlackTeam "Obiettivo risarcimento padova"]

1. e4 e5 2. Nf3 Nc6 3. Nc3 Nf6 4. d4 Bb4 5. dxe5 Nxe4 6. Qd3 d5 7. exd6 Nxd6 8.
a3 Ba5 9. Bg5 f6 10. Be3 Bf5 11. Qd5 Qd7 12. Bd3 Be6 13. Qh5+ Bf7 14. Qh4 h5
15. Qf4 Bxc3+ 16. bxc3 O-O-O 17. O-O Qg4 18. Nd4 Qxf4 19. Bxf4 Nxd4 20. cxd4
Bc4 21. Rfd1 Bxd3 22. Rxd3 Nc4 23. d5 Rhe8 24. Kf1 Re4 25. g3 g5 26. Be3 Ne5
27. Rdd1 b6 28. h3 Rc4 29. Rac1 Ra4 30. Ra1 Ra5 31. f4 Nc4 32. Bc1 Raxd5 33.
Re1 g4 34. h4 f5 35. a4 a6 36. Ba3 Rd2 37. Be7 R8d7 38. Bf6 Rxc2 39. Rac1 Nd2+
40. Ke2 Rxc1 41. Rxc1 Ne4 0-1

[Event "Malta-Open2012"]
[Site "Bugibba"]
[Date "2012.11.24"]
[Round "9.6"]
[White "L Ami, Alina"]
[Black "Poetsch, Hagen"]
[Result "1-0"]
[WhiteElo "2381"]
[BlackElo "2466"]
[Annotator "chessorg"]
[PlyCount "57"]
[EventDate "2012.??.??"]
[WhiteTeam "Politehnica Iasi/En Passant"]
[BlackTeam "Wiesbadener SV 1885"]

1. d4 e6 2. c4 Nf6 3. Nc3 Bb4 4. Qc2 O-O 5. e4 d5 6. e5 Ne4 7. Bd3 c5 8. Nf3
cxd4 9. Nxd4 Nd7 10. Bf4 Ndc5 11. O-O Nxd3 12. Qxd3 Nxc3 13. bxc3 Be7 14. Rfd1
dxc4 15. Qg3 Bd7 16. Bh6 g6 17. Bxf8 Bxf8 18. Nb5 Bxb5 19. Rxd8 Rxd8 20. Qe3 b6
21. Qe4 Bc5 22. a4 Bxa4 23. Qxc4 Bc6 24. h4 h5 25. Rxa7 Rd1+ 26. Kh2 Rd2 27.
Rc7 Bd5 28. Qf4 Rxf2 29. Qh6 1-0